Sơ đồ điện

שמור ב:
מידע ביבליוגרפי
מחבר ראשי: Barry, Jean
פורמט: ספר
שפה:Undetermined
יצא לאור: Hà Nội Khoa học và Kỹ thuật 1996
נושאים:
תגים: הוספת תג
אין תגיות, היה/י הראשונ/ה לתייג את הרשומה!
Thư viện lưu trữ: Trung tâm Học liệu Trường Đại học Cần Thơ
LEADER 00578nam a2200193Ia 4500
001 CTU_27906
008 210402s9999 xx 000 0 und d
020 |b 25.000đ 
082 |a 621.3192 
082 |b B279 
100 |a Barry, Jean 
245 0 |a Sơ đồ điện 
245 0 |c Jean Barry, Jean Yves Kersulec ; Lê Văn Doanh (dịch) 
260 |a Hà Nội 
260 |b Khoa học và Kỹ thuật 
260 |c 1996 
650 |a Electric circuits,Electric engineering 
904 |i Minh, 990108 
980 |a Trung tâm Học liệu Trường Đại học Cần Thơ